|
|
|
|
| LEADER |
00619nam a2200157 a 4500 |
| 005 |
20151028161939.0 |
| 008 |
960221s1955 dcuabcdjdbkoqu001 0deng d |
| 003 |
ViArRB |
| 082 |
|
|
|a 006.42
|
| 100 |
|
|
|a Umbaugh, Scott E.
|9 14485
|
| 245 |
|
|
|a Computer vision and image processing : a practical approach using CVIP tools
|
| 653 |
|
|
|a Computer vision
|a Computer vision
|a Application software
|a Image processing- digital techniques
|
| 942 |
|
|
|c BK
|6 _
|
| 260 |
|
|
|a New Jersey
|b Prentice-Hall of India
|c 1998
|
| 999 |
|
|
|c 72191
|d 72191
|
| 952 |
|
|
|0 0
|1 0
|4 0
|6 00642_N8
|7 0
|9 84055
|a SOS
|b SOS
|d 0000-00-00
|o 006.42 N8
|p MS010897
|r 2013-06-14
|w 2009-07-13
|y BK
|